00547 2200193 4500001002100000005001500021035002000036245006700056100001100123250001500134300004300149856003600192700003300228260003800261082000800299084001400307020001800321600001400339INLIS00000000000273120210913025613 a0010-09210000771 aManagement Accounting, buku 2 :bAkuntansi manajemen /cHansen0 aHansen aEdisi ke 7 a564 halaman :bIlustrasi ;c21 x 26 cm aPerpustakaan Umum Kota Makassar0 aPenerjemah ; Dewi Fitriasari aJakarta ; :bSalemba Empat,c2005 a658 a658 STA m a979-691-197-3 4aAkuntansi